| 000 | 02118cam a22004454i 4500 | ||
|---|---|---|---|
| 003 | PE-LiUPU | ||
| 005 | 20250731172817.0 | ||
| 008 | 150617s r 000 0 d | ||
| 035 | _a(Sirsi) a13872 | ||
| 040 |
_aPE-LiUPU _bspa _cPE-LiUPU _erda |
||
| 049 | _aPRUA | ||
| 082 | 0 | 4 |
_a239 _bL14 _221 |
| 100 | 1 |
_aLais, Hermann, _eautor. |
|
| 245 | 1 | 0 |
_aProblemas actuales de la apologética / _cHermann Lais. |
| 264 | 1 |
_aBarcelona : _bHerder, _c1958. |
|
| 300 |
_a375 páginas ; _c19 cm |
||
| 336 |
_atext _2rdacontent |
||
| 337 |
_aunmediated _2rdamedia |
||
| 338 |
_avolume _2rdacarrier |
||
| 505 | 0 | _aSituación actual de la apologética. -Dificultades relativas a la religión católica. -Objetivos positivos de la apologética. -Problemas de la apologética general. -El materialismo dialéctico enjuiciado por la apologética. -Cambios operados en la filosofía natural. -Algunos problemas de plantamiento reciente. -Puesto del hombre entre los seres vivos. -Demostración etnológica del monoteísmo primitivo. -Problemas de apologética cristiana. -Interpretación existencialista de la sagrada escritura dada por Rudolf Bultmann (desmitificación). -Crítica filosófica del cristianismo hecha por Karl Jaspers. -Interpretación católica de la Biblia y la moderna imagen del mundo. -Cosmos y más allá. -La creación del mundo. -El origen de la vida. -La evolución de los seres vivos. | |
| 526 | _aSEG42 | ||
| 526 | _aSEG41 | ||
| 526 | _aSEG40 | ||
| 526 | _aSEG39 | ||
| 526 | _aP94 | ||
| 526 | _aP87 | ||
| 526 | _aP86 | ||
| 526 | _aP85 | ||
| 526 | _aP77 | ||
| 526 | _aP76 | ||
| 526 | _aP35 | ||
| 650 | 0 | 4 |
_aApologética. _92321 |
| 910 |
_ajck _bjvq _cjck _d20150616 |
||
| 942 |
_2ddc _cBOOK |
||
| 949 |
_a239 L14 _wDEWEY _c1 _i05584 _lCCODEBUL1 _mBUL _p00.00 _r0 _sY _tBOOK _u2015-04-21 _xTEOLOGIA _PP35 _0COMPRA _o.STAFF. Colección General |
||
| 994 |
_aC0 _bPEPRU |
||
| 596 | _a1 | ||
| 999 |
_a239 L14 _wDEWEY _c4287 _i05584 _f2021-11-11 _g5 _lCCODEBUL1 _mBUL _r0 _sY _tBOOK _u2015-4-21 _xTEOLOGIA _PP35 _0COMPRA _o.STAFF. Colección General _d4287 |
||
| 980 |
_81 _gALBERTO SANCHEZ Responsable de Automatización |
||